Science Quiz

Random Science or Animal Quiz

Animal Disease Ex2- Bacterial Diseases 2 Quiz Stats

 Plays Quiz not verified by Sporcle

Support Sporcle.
Go Orange.
Score 0/61 Timer 20:00
0 Plays Today
question answer % Correct
is clostridium aerobic or anaerobic?anaerobic
90%
does clostridium form spores?yes
70%
do we treat clostridium perfringens in humans?no
70%
is brucellosis gram positive or negative?negative
60%
the reservoir of cat scratch fever is what animal?domestic cat
60%
T or F: Cat scratch fever causes illness in catsF
60%
cat scratch fever is caused by a gram ____ rodnegative
60%
is clostridium obligate or facultative?obligate
60%
does E coli produce toxins?yes
60%
does anthrax form endospores?yes
60%
are brucellosis bacteria motile?no
50%
is brucellosis spore forming?no
50%
cat scratch fever is spread cat to cat by what?fleas
50%
this disease is spread through dry infected flea feces via the clawcat scratch fever
50%
clostridium is gram ____positive
50%
Clostridium botulinum is used to treat wrinkles- this is called ____Botox
50%
puncture wounds, castration, and tail docking are the most common ways to get clostridium _____tetani
50%
muscle rigidity (saw-horse stance in animals) and locked jaw in humans are clinical signs of what?clostridium tetani
50%
clostridium ______ typically infects animals through soil, ingestion, or over-eating and is foodborne infection in humansperfringens
50%
is E coli motile?yes
50%
E. coli is a gram _____ rodnegative
50%
T or F: E coli is part of the normal flora T
50%
do we vaccinate cows for E coli in every herd?no
50%
leptospirosis is gram _____negative
50%
is leptospirosis aerobic or anaerobic?aerobic
50%
treatment of brucellosis in animals is what?eradication
40%
the best way to prevent and control cat scratch fever is to control _____fleas
40%
humans and animals both typically get infected with botulinum through ingestion of _________endospores
40%
Clostridium _____ is often found in unsealed or bulging canned foodsbotulinum
40%
treatment of this in both humans and animals involves antibiotics, anti-toxin, sedatives, tranquilizers, and dark quiet rooms.tetanus
40%
Which clostridium has clinical signs including enteritis, colitis, diarrhea, and sudden death in animals and diarrhea in humans?perfringens
40%
question answer % Correct
this is spread through alkaline soil and surface water contaminated with urineleptospirosis
40%
which disease is caused by spirochetes with hooked ends that have corkscrew movements?leptospirosis
40%
what disease is a cause of abortions and moon blindness in horses?leptospirosis
40%
Mycobacterium spp. causes what?tuberculosis
40%
what shape are mycobacterium spp?bacillus
40%
this is caused by large, non-motile, gram positive bacillianthrax
40%
what shape are brucellosis bacteria?coccobacilli
30%
In animals, this disease is transmitted through vectors (contaminated food and water) and direct contact (ingestion from aborted fetus, licking contaminated genitals, copulation, oBrucellosis
30%
In humans, this disease is spread through accidental vaccination and direct contact (handling infected tissues, infected secretions, AI, and consuming infected products)Brucellosis
30%
in humans, the following clinical signs indicate which disease? flu-like symptoms, undulating feverbrucellosis
30%
red papule at site of inoculation, regional lymph node enlargement, low grade fever, and lethargy are clinical signs of what?cat scratch fever
30%
what kind of toxins does clostridium produce?neurotoxins
30%
clostridium botulinum mostly affects what animals?water fowl
30%
flaccid paralysis, limberneck in fowl, and weakness/dizziness/abdominal pain/progressive paralysis in humans are all clinical signs of what?clostridium botulinum
30%
_____ are the most sensitive of all animals to clostridium tetanihorses
30%
how do we prevent and control clostridium perfringens?vaccination
30%
These are ways of transmission for what? Environment, nose to nose contact, ingestion, fecal-oral contactE coli
30%
___ are the most common source worldwide for leptospirosisrats
30%
this is deadly to non-human primates and can be reverse-zoonotictuberculosis
30%
this causes lesion formation varying in extent and locationtuberculosis
30%
how do we treat tuberculosis in animals?cull
30%
this is latent and widespread in wild and domestic birds other than psittacinesorthinosis
30%
humans get infected with orthinosis through contact with birds and ____cats
30%
what is the principle reservoir for rat bite fever?rodent
30%
if you leave this untreated it can be fatal, however simply washing your hands after a bite can prevent it completelyrat bite fever
30%
Which vaccine is live and the bacteria that cause this disease live in testicles, so we don't vaccinate bull calves and only vaccinate heifers?Brucella
20%
two clinical signs of brucellosis in animals:infertility and abortion
20%
30% of children with E coli develop:HUS
20%
vaccines for _____ are only given to animals at risk for catching this, such as farm dogs, hunting dogs, and rural dogsleptospirosis
20%
anthrax is a primary disease of ______herbivores
20%

You're not logged in!

Compare scores with friends on all Sporcle quizzes.
OR
Log In

From the Vault

Monet or Manet?

by bazmerelda

How do you like your impressionist art?
Remove Ads.
Support Sporcle.
Get the best of Sporcle when you Go Orange. This ad-free experience offers more features, more stats, and more fun while also helping to support Sporcle. Thank you for becoming a member.

Show Comments

Extras

Created Mar 7, 2011ReportNominate
Tags:Animal Quiz, disease

Top Quizzes Today


Score Distribution

Your Account Isn't Verified!

In order to create a playlist on Sporcle, you need to verify the email address you used during registration. Go to your Sporcle Settings to finish the process.

Report this User

Report this user for behavior that violates our Community Guidelines.

Details: